000 00432nam a22001697a 4500
003 NUST - PNEC
005 20170116181111.0
008 151003b xxu||||| |||| 00| 0 eng d
020 _a0395871905
040 _cLIBRARY
082 _a658 KRE
100 _912913
_a Kreitner, Robert
245 _aManagement, a problem-solving process
_cRobert Kreitner
260 _cc.1999
650 _912915
_aManagement
_xMIS
942 _2ddc
_cBK
999 _c69117
_d69117